The Healing manager (Бичлэгийн дугаар. 145604)
| 000 -УДИРДЛАГА | |
|---|---|
| Удирдлага | 01219nam a22003377a 4500 |
| 003 - ХЯНАЛТЫН ТОО ТОДОРХОЙЛОГЧ | |
| Код | MN-UlNUM |
| 005 - БИЧИЛТ ХИЙСЭН ОГНОО | |
| Тухайн бичилтийг бичсэн засварласан сүүлийн огноо | 20251124103542.0 |
| 008 - ЕРӨНХИЙ МЭДЭЭЛЭЛ | |
| Ерөнхий мэдээлэл | 251114s1993 cau 001 0 eng |
| 020 ## - ISBN | |
| ISBN | 1881052133 |
| 040 ## - БИЧЛЭГ ҮҮСГЭГЧ БАЙГУУЛЛАГА | |
| Бичлэг үүсгэгч номын сангийн код | МУИС-ийн номын сан |
| 084 ## - ББК АНГИЛАЛ | |
| Нэмэлт тусгалт | Нэг сэдэвт бүтээл |
| ББК ангилал | 65.290-2 |
| Зохиогчийн гурван тэмдэгт | L 96 |
| Мэдлэгийн ялгаа | 65 - Эдийн засаг |
| 100 1# - ЗОХИОГЧ | |
| Зохиогчийн нэр | Lundin, William |
| 245 14 - ҮНДСЭН ГАРЧИГ | |
| Номын нэр | The Healing manager |
| Бага гарчгийн мэдээ | How to build quality relationships & productive cultures at work |
| 250 ## - ДАХИН ХЭВЛЭЛТ | |
| Дахин гаралтын дугаар | 1st edition |
| 260 ## - ГАРАЛТЫН МЭДЭЭ | |
| Хэвлэгдсэн газар | San Francisco |
| Хэвлэлийн газар | Berrett-Koehler |
| Хэвлэгдсэн он | 1993 |
| 300 ## - МАТЕРИАЛЫН ТОДОРХОЙЛОЛТ | |
| хуудасны тоо | xx, 248 p. ; |
| Хэмжээ | 24 cm |
| 500 ## - Тайлбар | |
| Дансны дугаар | БС 3904 |
| 505 ## - Агуулгын тэмдэглэгээ | |
| Агуулгын тэмдэглэгээ | This is the first book to squarely face the tough emotional and relationship issues in the workplace-anger, fear, distrust, conflict, resentment-and to provide practical and proven methods for creating more productive work environments. |
| 546 ## - ХЭЛНИЙ ТУХАЙ МЭДЭЭ | |
| Хэл | Англи хэл дээр, |
| 653 ## - Түлхүүр үг | |
| Түлхүүр үг | management |
| 653 ## - Түлхүүр үг | |
| Түлхүүр үг | psychological aspects |
| 653 ## - Түлхүүр үг | |
| Түлхүүр үг | interpersonal relations |
| 700 ## - ХАМ ЗОХИОГЧИД | |
| Ба бус | Lundin, Kathleen |
| 740 ## - НОМЫН ГАРЧИГ | |
| Гарчиг | Telling the truth and talking straight |
| 740 ## - НОМЫН ГАРЧИГ | |
| Гарчиг | Total quality relationships |
| 740 ## - НОМЫН ГАРЧИГ | |
| Гарчиг | Beoming a heading manager |
| 740 ## - НОМЫН ГАРЧИГ | |
| Гарчиг | Sustining total quality relationship |
| 942 ## - ЭЛЕМЕНТИЙН ТӨРӨЛ | |
| Зүйлийн төрөл | Ном |
